000 01045nam a2200277 i 4500
001 185098
003 SpMaBN
005 20251003165528.0
008 160321s1945 sp |||| |dspa d
080 _a32:929 Cochin, Augustin
080 _a323.2(01)
100 1 _aMeaux, Antoine de.
_9159177
245 1 0 _aGénesis de las revoluciones
_b: (según Agustín Cochin) /
_cAntoine de Meaux ; [versión española por Juan de la Cierva].
250 _a1ª ed.
260 _aMadrid :
_b[Ediciones y Publicaciones Españolas],
_c1945 (
_fTall. Gráf. Marisal)
300 _a171 p. ;
_c19 cm.
490 1 _aTemas actuales ;
_v2
504 _aReferencias bibliográficas.
600 1 7 _aCochin, Augustin,
_d1876-1916
_2
_9163110
650 4 _aHistoria-
_xFilosofía.
_913380
650 0 7 _aRevoluciones
_2embne
_916897
700 1 _aCierva y Peñafiel, Juan de la,
_d1864-1938
_938791
830 1 _aTemas actuales ;
_v2
_9180872
852 _aES-MaACL
_jL-30278
_z- Enc. cart.
_z- Donat. Carmen Zumárraga
999 _c185098
_d185098